logo

Bir Sreshtho Munshi Abdur Rouf Library
Jhenaidah Cadet College

Decisive moments in the history of Islam / (Record no. 11449)

MARC details
000 -LEADER
fixed length control field 00945nam a2200289 a 4500
001 - CONTROL NUMBER
control field 11449
003 - CONTROL NUMBER IDENTIFIER
control field BD-JhCC
005 - DATE AND TIME OF LATEST TRANSACTION
control field 20220322134023.0
008 - FIXED-LENGTH DATA ELEMENTS--GENERAL INFORMATION
fixed length control field 190922s19402005xx 000 0 eng
010 ## - LIBRARY OF CONGRESS CONTROL NUMBER
LC control number a 42002113
020 ## - INTERNATIONAL STANDARD BOOK NUMBER
International Standard Book Number 8187570237
035 ## - SYSTEM CONTROL NUMBER
System control number (BD-JhCC)11449
040 ## - CATALOGING SOURCE
Original cataloging agency DLC
Transcribing agency UU
Modifying agency UU
-- DLC
-- BD-JhCC
042 ## - AUTHENTICATION CODE
Authentication code premarc
050 00 - LIBRARY OF CONGRESS CALL NUMBER
Classification number DS38.3
Item number .I5213 1940
082 ## - DEWEY DECIMAL CLASSIFICATION NUMBER
Classification number 297.09
Item number ENA 2005
100 1# - MAIN ENTRY--PERSONAL NAME
Personal name Enan, Muhammad Abdullah
Dates associated with a name 1896-
245 10 - TITLE STATEMENT
Title Decisive moments in the history of Islam /
Statement of responsibility, etc. by Muhammad Abdullah Enan.
260 ## - PUBLICATION, DISTRIBUTION, ETC.
Place of publication, distribution, etc. Lahore, India,
Name of publisher, distributor, etc. Shaikh Muhammad Ashraf,
Date of publication, distribution, etc. [2005]
300 ## - PHYSICAL DESCRIPTION
Extent viii, 294 p.
Dimensions 22 cm.
500 ## - GENERAL NOTE
General note At head of title: Translated from the second Arabic edition.
504 ## - BIBLIOGRAPHY, ETC. NOTE
Bibliography, etc. note Bibliography: p.[287]-288. "References" at end of each chapter.
650 #0 - SUBJECT ADDED ENTRY--TOPICAL TERM
Topical term or geographic name entry element Civilization, Arab.
651 #0 - SUBJECT ADDED ENTRY--GEOGRAPHIC NAME
Geographic name Islamic Empire
General subdivision History.
651 #0 - SUBJECT ADDED ENTRY--GEOGRAPHIC NAME
Geographic name Islamic Empire
General subdivision Foreign relations.
942 ## - ADDED ENTRY ELEMENTS (KOHA)
Source of classification or shelving scheme Dewey Decimal Classification
Koha item type Books
Koha issues (borrowed), all copies 8
Holdings
Withdrawn status Lost status Source of classification or shelving scheme Damaged status Not for loan Home library Current library Shelving location Date acquired Inventory number Total Checkouts Total Renewals Full call number Barcode Date last seen Date last checked out Copy number Price effective from Koha item type
    Dewey Decimal Classification     JCC Rouf Library JCC Rouf Library General Stacks 06/22/2019 270 5   297.09 ENA 2005 15117 07/24/2024 07/10/2024 C-1 09/22/2019 Books

JCC Library | Contacts | JCC Home

Last Update on 23 September 2017
Copyright @ 2017-2020 JCC Rouf Library
Rouf Library, Jhenidah Cadet College (JCC), Bangladesh